000 00444nam a2200157Ia 4500
005 20250613031124.0
008 240331s9999 xx 000 0 und d
020 _a9555732906
082 _bPER
_a306
100 _aPerera,S
245 0 _aGanika wrthiya :
_bbhawaya prabhavaya ha agamika mehewara
260 _aNugegoda
_bUniversity Press
_c2005
300 _a85 p ., ( C 2)
500 _aProstitution - Origin and Religious Mission
942 _cL
999 _c5634
_d5634